Leftwing literature in Japan

Đã lưu trong:
书目详细资料
主要作者: Shea, George Tyson
格式: 图书
语言:Undetermined
出版: Tokyo Hosei University Press 1964
主题:
标签: 添加标签
没有标签, 成为第一个标记此记录!
Thư viện lưu trữ: Trung tâm Học liệu Trường Đại học Cần Thơ
LEADER 00597nam a2200217Ia 4500
001 CTU_113484
008 210402s9999 xx 000 0 und d
020 |c 1692000 
082 |a 895.6 
082 |b S539 
100 |a Shea, George Tyson 
245 0 |a Leftwing literature in Japan 
245 0 |c George Tyson Shea 
260 |a Tokyo 
260 |b Hosei University Press 
260 |c 1964 
650 |a Japanese literature,Socialism in literature 
650 |x History and criticism 
650 |y 20th century 
904 |i Giang 
980 |a Trung tâm Học liệu Trường Đại học Cần Thơ